[Event "World Amateur-ch U2300"]
[Site "Muscat"]
[Date "2023.11.02"]
[Round "1"]
[White "Pitschka, Claus"]
[Black "Mohd Nor, Noor Hafiz"]
[Result "1-0"]
[WhiteElo "2098"]
[BlackElo "1724"]
[PlyCount "83"]
[EventDate "2023.11.02"]
[EventType "swiss"]
[EventRounds "9"]
[EventCountry "OMN"]
[SourceTitle "CB46_2023"]
[SourceDate "2023.11.15"]
[SourceVersion "1"]
[SourceVersionDate "2023.11.15"]
[SourceQuality "1"]

1. d4 g6 2. e4 Bg7 3. Nf3 c5 4. d5 d6 5. Nc3 Nf6 6. Be2 Bg4 7. Nd2 Bxe2 8. Qxe2 Nbd7 9. 0-0 0-0 10. Nc4 Ne8 11. Bg5 Ndf6 12. a4 Nc7 13. Rfd1 Nd7 14. f4 f6 15. Bh4 Ne8 16. f5 g5 17. Bf2 Rf7 18. a5 Bf8 19. Rdb1 Rb8 20. b4 b6 21. Nb5 Ra8 22. axb6 axb6 23. bxc5 bxc5 24. Na7 Ne5 25. Nxe5 fxe5 26. Nc6 Rxa1 27. Rxa1 Qb6 28. h4 Rg7 29. hxg5 Rxg5 30. Bh4 Rg7 31. Ra8 Qb1+ 32. Kh2 Nf6 33. Nxe7+ Rxe7 34. Bxf6 Qb7 35. Rd8 Qc7 36. Qg4+ Kf7 37. Bxe7 Qxe7 38. Qh5+ Kg7 39. Re8 Qa7 40. f6+ Kg8 41. Qg4+ Kf7 42. Qe6+ 1-0

[Event "GER-ch Seniors 50 34th"]
[Site "Magdeburg"]
[Date "2022.08.18"]
[Round "7"]
[White "Ratzmann, Immo"]
[Black "Pitschka, Claus"]
[Result "1/2-1/2"]
[WhiteElo "2064"]
[BlackElo "2188"]
[PlyCount "67"]
[EventDate "2022.08.12"]
[EventType "swiss"]
[EventRounds "9"]
[EventCountry "GER"]
[SourceTitle "CBM 209 Extra"]
[Source "ChessBase"]
[SourceDate "2022.09.30"]
[SourceVersion "1"]
[SourceVersionDate "2022.09.30"]
[SourceQuality "1"]

1. d4 c5 2. d5 d6 3. c4 e5 4. e4 Be7 5. Nf3 Bg4 6. Nbd2 Na6 7. Be2 Nc7 8. 0-0 Bd7 9. a4 f5 10. exf5 Bxf5 11. Ne1 Bg5 12. Bg4 Nh6 13. Bxf5 Nxf5 14. Ne4 Bxc1 15. Rxc1 0-0 16. Nf3 b6 17. Qd2 a6 18. Ra1 Qd7 19. b3 b5 20. axb5 axb5 21. Rxa8 Rxa8 22. Qb2 h6 23. Ra1 Ra6 24. Ra2 Qc8 25. Qa1 bxc4 26. Rxa6 Nxa6 27. bxc4 Nb4 28. h3 Qd8 29. Qa7 Nc2 30. Qa6 Ncd4 31. Nxd4 exd4 32. g4 Qe8 33. gxf5 Qxe4 34. Qc8+ 1/2-1/2

[Event "Mittelfranken Landesliga Sued 2122"]
[Site "Mittelfranken"]
[Date "2022.04.03"]
[Round "7.5"]
[White "Pitschka, Claus"]
[Black "Schoeneich, Matthias"]
[Result "0-1"]
[WhiteElo "2140"]
[BlackElo "2111"]
[PlyCount "68"]
[EventDate "2021.10.24"]
[EventType "team-tourn"]
[EventRounds "9"]
[EventCountry "GER"]
[SourceTitle "EXT 2024"]
[Source "ChessBase"]
[SourceDate "2023.10.10"]
[SourceVersion "1"]
[SourceVersionDate "2023.10.10"]
[SourceQuality "1"]
[WhiteTeam "Garching II"]
[BlackTeam "Bayern Muenchen III"]
[WhiteTeamCountry "GER"]
[BlackTeamCountry "GER"]

1. d4 d5 2. Bf4 Nf6 3. e3 e6 4. Nd2 Be7 5. Bd3 0-0 6. Bg5 c5 7. c3 cxd4 8. exd4 b6 9. Qf3 Ba6 10. Bc2 Nbd7 11. Qh3 g6 12. Ngf3 Rc8 13. 0-0-0 b5 14. a3 Bb7 15. Qh4 Re8 16. Ne5 Nxe5 17. dxe5 Nd7 18. Bxe7 Qxe7 19. Qxe7 Rxe7 20. Nf3 a5 21. a4 bxa4 22. Bxa4 Nb6 23. Bb5 Rec7 24. Kc2 Bc6 25. Nd4 Bxb5 26. Nxb5 Rc5 27. Nd6 Rb8 28. f4 Na4 29. Rb1 Rc6 30. Rhd1 Nc5 31. Rd4 Nb3 32. Ra4 Kf8 33. g4 Ke7 34. Ra3 Rcb6 0-1

[Event "GER-ch Seniors 50 32nd"]
[Site "Magdeburg"]
[Date "2020.08.17"]
[Round "4"]
[White "Pitschka, Claus"]
[Black "Spiess, Thomas"]
[Result "1-0"]
[WhiteElo "2158"]
[BlackElo "1976"]
[PlyCount "57"]
[EventDate "2020.08.14"]
[EventType "swiss"]
[EventRounds "9"]
[EventCountry "GER"]
[SourceTitle "EXT 2021"]
[Source "ChessBase"]
[SourceDate "2020.10.23"]
[SourceVersion "1"]
[SourceVersionDate "2020.10.23"]
[SourceQuality "1"]

1. d4 d5 2. c4 c6 3. cxd5 cxd5 4. Nc3 Nf6 5. Bf4 Nc6 6. e3 Bf5 7. Qb3 Na5 8. Qa4+ Bd7 9. Qc2 Rc8 10. Bd3 Nc6 11. a3 e6 12. Nf3 Be7 13. h3 Nh5 14. Bh2 g6 15. 0-0 f5 16. Rac1 0-0 17. Qb1 Na5 18. Ne5 a6 19. Ne2 Nb3 20. Rxc8 Qxc8 21. Qc2 Ba4 22. Nc3 b5 23. Qe2 f4 24. Bxg6 f3 25. Bxh7+ Kg7 26. Qd3 Rf6 27. Bg6 fxg2 28. Kxg2 Qh8 29. Rg1 1-0

[Event "Bad Woerishofen op 36th"]
[Site "Bad Woerishofen"]
[Date "2020.03.11"]
[Round "6"]
[White "Behling, Robert"]
[Black "Pitschka, Claus"]
[Result "1/2-1/2"]
[WhiteElo "2025"]
[BlackElo "2150"]
[PlyCount "68"]
[EventDate "2020.03.06"]
[EventType "swiss"]
[EventRounds "9"]
[EventCountry "GER"]
[SourceTitle "CBM 195 Extra"]
[Source "ChessBase"]
[SourceDate "2020.05.31"]
[SourceVersion "1"]
[SourceVersionDate "2020.05.31"]
[SourceQuality "1"]

1. c4 Nf6 2. Nc3 e5 3. Nf3 d6 4. d4 Nbd7 5. e4 Be7 6. Be2 c6 7. 0-0 0-0 8. Re1 Re8 9. Bf1 Bf8 10. Rb1 a6 11. a3 b5 12. b4 Qc7 13. Qb3 bxc4 14. Bxc4 Nb6 15. Bd3 Be6 16. Qc2 h6 17. h3 Rec8 18. Na4 Nxa4 19. Qxa4 exd4 20. Nxd4 Bd7 21. Qc2 c5 22. Nf3 c4 23. Bf1 d5 24. exd5 Nxd5 25. Be3 Nxe3 26. Rxe3 Be6 27. Rc3 Be7 28. Nd4 Bd5 29. Bxc4 Bf6 30. Bxd5 Qxc3 31. Qxc3 Rxc3 32. Bxa8 Bxd4 33. Rd1 Bb6 34. Rd2 Rxa3 1/2-1/2

[Event "Wch Seniors 50 29th"]
[Site "Bucharest"]
[Date "2019.11.18"]
[Round "6"]
[White "Godena, Michele"]
[Black "Pitschka, Claus"]
[Result "1-0"]
[WhiteElo "2449"]
[BlackElo "2186"]
[PlyCount "43"]
[EventDate "2019.11.12"]
[EventType "swiss"]
[EventRounds "11"]
[EventCountry "ROU"]
[SourceTitle "CBM 193 Extra"]
[Source "ChessBase"]
[SourceDate "2020.01.31"]
[SourceVersion "1"]
[SourceVersionDate "2020.01.31"]
[SourceQuality "1"]

1. e4 e5 2. Nf3 d6 3. d4 exd4 4. Nxd4 Nf6 5. Bd3 Be7 6. 0-0 0-0 7. Bf4 d5 8. e5 Ne8 9. Nd2 Nc6 10. Nxc6 bxc6 11. c4 f6 12. Qc2 h6 13. Rae1 Rb8 14. e6 Nd6 15. c5 Nb7 16. b4 a5 17. a3 f5 18. Bxf5 g6 19. Bh3 Kh7 20. Bg3 axb4 21. axb4 Bf6 22. Qa4 1-0

[Event "Hastings Masters op 94th"]
[Site "Hastings"]
[Date "2019.01.02"]
[Round "6"]
[White "Pitschka, Claus"]
[Black "Rayner, Francis"]
[Result "1/2-1/2"]
[WhiteElo "2228"]
[BlackElo "2048"]
[PlyCount "89"]
[EventDate "2018.12.28"]
[EventType "swiss"]
[EventRounds "10"]
[EventCountry "ENG"]
[SourceTitle "CBM 188 Extra"]
[Source "ChessBase"]
[SourceDate "2019.02.26"]
[SourceVersion "1"]
[SourceVersionDate "2019.02.26"]
[SourceQuality "1"]

1. d4 Nf6 2. Nc3 d5 3. Bg5 h6 4. Bxf6 exf6 5. e3 c6 6. g3 Bd6 7. Bg2 0-0 8. Nge2 Bf5 9. 0-0 Re8 10. Nf4 Bxf4 11. gxf4 Nd7 12. Kh1 Nb6 13. Ne2 Nc4 14. Ng3 Qd7 15. b3 Nd6 16. Rg1 Bg6 17. Bf3 Kh7 18. Bg4 f5 19. Bf3 Ne4 20. Kg2 Qe6 21. Qd3 Rad8 22. c4 Kh8 23. Rgd1 Bh7 24. Rac1 Rd7 25. cxd5 Rxd5 26. Qc2 g5 27. Bxe4 fxe4 28. fxg5 hxg5 29. Qd2 Bg6 30. Rh1 Qg4 31. h3 Qh4 32. Rhf1 f5 33. f4 exf3+ 34. Rxf3 f4 35. exf4 Be4 36. Nxe4 Rxe4 37. Qf2 Qxf2+ 38. Rxf2 gxf4 39. Kf3 Rdxd4 40. Kg4 f3+ 41. Kg3 Re2 42. Rc2 Rd3 43. Kf4 Rxc2 44. Rxc2 f2 45. Ke4 1/2-1/2

[Event "Hastings Masters op 94th"]
[Site "Hastings"]
[Date "2018.12.29"]
[Round "2"]
[White "Pitschka, Claus"]
[Black "Midhun, PU."]
[Result "1/2-1/2"]
[WhiteElo "2228"]
[BlackElo "2019"]
[PlyCount "101"]
[EventDate "2018.12.28"]
[EventType "swiss"]
[EventRounds "10"]
[EventCountry "ENG"]
[SourceTitle "CBM 188 Extra"]
[Source "ChessBase"]
[SourceDate "2019.02.26"]
[SourceVersion "1"]
[SourceVersionDate "2019.02.26"]
[SourceQuality "1"]

1. d4 Nf6 2. Bf4 d5 3. e3 e6 4. c3 Bd6 5. Bxd6 Qxd6 6. f4 Ne4 7. Nd2 f5 8. Ngf3 Nd7 9. Bd3 Ndf6 10. 0-0 0-0 11. Ne5 Bd7 12. h3 Nxd2 13. Qxd2 Be8 14. g4 Bg6 15. Qg2 Nd7 16. c4 c6 17. c5 Qe7 18. b4 Nxe5 19. fxe5 Qg5 20. Rae1 fxg4 21. Bxg6 Rxf1+ 22. Kxf1 Rf8+ 23. Kg1 Qh4 24. Rf1 Rxf1+ 25. Qxf1 hxg6 26. hxg4 Qxg4+ 27. Kh2 Qh4+ 28. Qh3 Qxh3+ 29. Kxh3 Kh7 30. Kg4 Kh6 31. e4 dxe4 32. d5 cxd5 33. b5 d4 34. Kg3 d3 35. Kf2 g5 36. c6 bxc6 37. bxc6 g4 38. c7 g3+ 39. Kxg3 d2 40. c8Q d1Q 41. Qxe6+ g6 42. Qf6 Qd3+ 43. Kh4 Qd7 44. e6 Qg7 45. Qg5+ Kh7 46. e7 Qh8 47. Qf4 Kg7+ 48. Kg3 Qe8 49. Qxe4 Kf7 50. Qd5+ Kxe7 51. Qc5+ 1/2-1/2

[Event "BL2-Ost 1819"]
[Site "Germany"]
[Date "2018.11.11"]
[Round "2.7"]
[White "Pitschka, Claus"]
[Black "Eichner, Sebastian"]
[Result "1/2-1/2"]
[WhiteElo "2251"]
[BlackElo "2361"]
[PlyCount "52"]
[EventDate "2018.11.10"]
[EventType "team-tourn"]
[EventRounds "10"]
[EventCountry "GER"]
[SourceTitle "CBM 190 Extra"]
[Source "ChessBase"]
[SourceDate "2019.07.15"]
[SourceVersion "1"]
[SourceVersionDate "2019.07.15"]
[SourceQuality "1"]
[WhiteTeam "Garching"]
[BlackTeam "Aue Nickelhuette"]
[WhiteTeamCountry "GER"]
[BlackTeamCountry "GER"]

1. d4 Nf6 2. Bf4 d5 3. e3 c5 4. c3 Nc6 5. Nd2 Bf5 6. Qb3 Qd7 7. Ngf3 c4 8. Qb5 Nh5 9. Bg3 Nxg3 10. hxg3 e6 11. b3 a6 12. Qb6 cxb3 13. axb3 Bd6 14. Bb5 0-0 15. Bxc6 bxc6 16. 0-0 f6 17. Qa5 Rfb8 18. b4 e5 19. Nb3 Bd3 20. Rfc1 e4 21. Nfd2 Qg4 22. Nc5 Be2 23. Qa4 Rc8 24. c4 Kh8 25. Qb3 Qf5 26. Re1 Bxc5 1/2-1/2

[Event "BL2-Ost 1718"]
[Site "Germany"]
[Date "2018.02.24"]
[Round "9.7"]
[White "Loew, Gerald"]
[Black "Pitschka, Claus"]
[Result "1/2-1/2"]
[WhiteElo "2262"]
[BlackElo "2245"]
[PlyCount "29"]
[EventDate "2017.10.21"]
[EventType "team-tourn"]
[EventRounds "10"]
[EventCountry "GER"]
[SourceTitle "CBM 183 Extra"]
[Source "ChessBase"]
[SourceDate "2018.04.19"]
[SourceVersion "1"]
[SourceVersionDate "2018.04.19"]
[SourceQuality "1"]
[WhiteTeam "Bindlach"]
[BlackTeam "Garching"]
[WhiteTeamCountry "GER"]
[BlackTeamCountry "GER"]

1. c4 c6 2. g3 d5 3. Nf3 Bg4 4. Bg2 e6 5. Qc2 Nd7 6. d3 dxc4 7. dxc4 Ngf6 8. Nc3 Bxf3 9. exf3 Ne5 10. b3 Nd3+ 11. Ke2 Nxc1+ 12. Raxc1 Qa5 13. Rhd1 Ba3 14. Rb1 0-0 15. Rd3 1/2-1/2